[Event "Wuerttemberg-ch Seniors op 26th"]
[Site "Freudenstadt"]
[Date "2014.07.24"]
[Round "9"]
[White "Foltas, Hermann"]
[Black "Foehl, Frithjof"]
[Result "1-0"]
[WhiteElo "2075"]
[BlackElo "1848"]
[PlyCount "115"]
[EventDate "2014.07.16"]
[EventType "swiss"]
[EventRounds "9"]
[EventCountry "GER"]
[SourceTitle "EXT 2019"]
[Source "ChessBase"]
[SourceDate "2018.10.10"]
[SourceVersion "1"]
[SourceVersionDate "2018.10.10"]
[SourceQuality "1"]

1. d4 f5 2. g3 d5 3. Bg2 Nf6 4. e3 e6 5. Ne2 Bd6 6. b3 c6 7. 0-0 0-0 8. c4 dxc4 9. bxc4 e5 10. Qb3 Kh8 11. dxe5 Bxe5 12. Nbc3 Qc7 13. Ba3 Rd8 14. Rfd1 Rxd1+ 15. Rxd1 Nbd7 16. Nd4 c5 17. Nf3 Rb8 18. Nb5 Qa5 19. Nxe5 Nxe5 20. Bxc5 Be6 21. Qa3 Qxa3 22. Nxa3 Re8 23. Bd4 Nxc4 24. Nxc4 Bxc4 25. Bxb7 Rb8 26. Bf3 Bxa2 27. Bxa7 Re8 28. Bd4 Bf7 29. Ra1 Ne4 30. h4 Nd2 31. Bc6 Rc8 32. Ra8 Be6 33. Rxc8+ Bxc8 34. Bd5 Ba6 35. f3 Bc4 36. Bxc4 Nxc4 37. Kf2 Kg8 38. Ke2 Kf7 39. Kd3 Nb6 40. e4 fxe4+ 41. fxe4 h5 42. Be5 Nc8 43. Kd4 g6 44. Kd5 Nb6+ 45. Kd4 Ke6 46. Bf4 Nc8 47. Ke3 Ne7 48. Bc7 Nc6 49. Kf4 Nd4 50. Bb8 Nc6 51. Kg5 Nxb8 52. Kxg6 Nd7 53. Kxh5 Nf6+ 54. Kg6 Nxe4 55. h5 Nxg3 56. h6 Nf5 57. h7 Ne7+ 58. Kh5 1-0

[Event "Wuerttemberg-ch Seniors op 26th"]
[Site "Freudenstadt"]
[Date "2014.07.22"]
[Round "7"]
[White "Foltas, Hermann"]
[Black "Kuepferle, Ernst"]
[Result "1-0"]
[WhiteElo "2075"]
[BlackElo "1934"]
[PlyCount "81"]
[EventDate "2014.07.16"]
[EventType "swiss"]
[EventRounds "9"]
[EventCountry "GER"]
[SourceTitle "EXT 2019"]
[Source "ChessBase"]
[SourceDate "2018.10.10"]
[SourceVersion "1"]
[SourceVersionDate "2018.10.10"]
[SourceQuality "1"]

1. d4 Nf6 2. c4 e6 3. Nf3 d5 4. Nc3 Nbd7 5. Bg5 Be7 6. e3 c6 7. Bd3 Qc7 8. 0-0 Nf8 9. Rc1 Ng6 10. Bxf6 Bxf6 11. cxd5 exd5 12. Nxd5 Qd6 13. Nxf6+ gxf6 14. e4 Bg4 15. e5 fxe5 16. Bxg6 Qxg6 17. Nxe5 Bxd1 18. Nxg6 hxg6 19. Rfxd1 Rh5 20. Rc5 f5 21. h3 0-0-0 22. Re5 Rh4 23. Re6 g5 24. Rg6 Rh5 25. f3 Kc7 26. Kf2 f4 27. Re6 Rd5 28. Ke2 Rh7 29. Re4 Rhd7 30. h4 gxh4 31. Rxf4 Rg7 32. Rg4 Re7+ 33. Kf2 Rh5 34. Rh1 Reh7 35. Ke3 Kd6 36. Rg6+ Kd5 37. Rc1 Re7+ 38. Kd3 b6 39. Rcxc6 Rd7 40. Rcf6 Rd8 41. a4 1-0

[Event "Wuerttemberg-ch Seniors op 26th"]
[Site "Freudenstadt"]
[Date "2014.07.21"]
[Round "6"]
[White "Abel, Hans Peter"]
[Black "Foltas, Hermann"]
[Result "1/2-1/2"]
[WhiteElo "1958"]
[BlackElo "2075"]
[PlyCount "120"]
[EventDate "2014.07.16"]
[EventType "swiss"]
[EventRounds "9"]
[EventCountry "GER"]
[SourceTitle "EXT 2019"]
[Source "ChessBase"]
[SourceDate "2018.10.10"]
[SourceVersion "1"]
[SourceVersionDate "2018.10.10"]
[SourceQuality "1"]

1. Nf3 d5 2. d4 Nf6 3. g3 e6 4. c4 b6 5. Bg2 Bb7 6. b3 Bb4+ 7. Bd2 Qe7 8. 0-0 0-0 9. a3 Bxd2 10. Nbxd2 c5 11. dxc5 bxc5 12. e3 Nbd7 13. Qc2 a5 14. Rfe1 h6 15. Rac1 Rfc8 16. Qb2 Ra7 17. Ne5 Nxe5 18. Qxe5 Qc7 19. Qxc7 Rxc7 20. Rb1 a4 21. b4 dxc4 22. Nxc4 cxb4 23. Rxb4 Nd5 24. Bxd5 Bxd5 25. Nd6 Ra5 26. e4 Ba2 27. Re2 Bb3 28. Re1 Ra8 29. Rb7 Rxb7 30. Nxb7 Rb8 31. Nd6 Rd8 32. e5 f6 33. f4 fxe5 34. fxe5 Rb8 35. h4 Bd5 36. Re3 Rb3 37. Kf2 Rb2+ 38. Ke1 Kh7 39. Ne4 Kg6 40. Nc5 Bb3 41. Nxb3 axb3 42. Kd1 Kf5 43. Kc1 Ra2 44. Rxb3 Kxe5 45. Kb1 Rf2 46. a4 Rf7 47. a5 Ra7 48. Ra3 Kd4 49. Kb2 e5 50. Kc2 e4 51. Kd2 Ra6 52. Ra4+ Ke5 53. Ke3 Kf5 54. Kf2 h5 55. Kg2 Ke5 56. Kf2 Kf5 57. Ke3 g6 58. Kf2 g5 59. hxg5 Kxg5 60. Kg2 Kf5 1/2-1/2

[Event "Wuerttemberg-ch Seniors op 25th"]
[Site "Freudenstadt"]
[Date "2013.07.06"]
[Round "8"]
[White "Foltas, Hermann"]
[Black "Kluger, Hans Peter"]
[Result "1-0"]
[WhiteElo "2095"]
[BlackElo "1950"]
[PlyCount "129"]
[EventDate "2013.07.06"]
[EventType "swiss"]
[EventRounds "9"]
[EventCountry "GER"]
[SourceTitle "EXT 2019"]
[Source "ChessBase"]
[SourceDate "2018.10.10"]
[SourceVersion "1"]
[SourceVersionDate "2018.10.10"]
[SourceQuality "1"]

1. d4 d5 2. c4 c6 3. Nf3 Nf6 4. e3 e6 5. Nc3 Bd6 6. Bd3 Nbd7 7. 0-0 0-0 8. e4 dxe4 9. Nxe4 Nxe4 10. Bxe4 Nf6 11. Bg5 Be7 12. Bc2 h6 13. Bh4 Qb6 14. Rb1 Rd8 15. Qe2 Qa5 16. b3 Kf8 17. h3 c5 18. dxc5 Qxc5 19. b4 Qc7 20. a3 b6 21. Bg3 Bd6 22. Bxd6+ Rxd6 23. Rbd1 Rxd1 24. Rxd1 Bb7 25. Ne5 Rd8 26. Rxd8+ Qxd8 27. Qd3 Qc7 28. Qd4 Ke7 29. f3 g5 30. Kf2 Nd7 31. Nxd7 Qxd7 32. Qxd7+ Kxd7 33. g3 f5 34. Ke3 Kd6 35. f4 gxf4+ 36. gxf4 Bg2 37. h4 Bf1 38. Kd4 Bg2 39. Ba4 Bf3 40. c5+ bxc5+ 41. bxc5+ Kc7 42. Ke5 Bd5 43. Bb5 Bb3 44. Be8 a5 45. Bf7 Kc6 46. Bxe6 a4 47. Bxf5 Kxc5 48. Be6 Kc6 49. Kf6 Kd6 50. Bc8 Kc7 51. Ba6 Kb6 52. Be2 Kc5 53. Kg7 Kd4 54. f5 Ke3 55. Bb5 Kf4 56. f6 Kg4 57. Kxh6 Kxh4 58. Kg7 Kg5 59. Bxa4 Bc4 60. Bd7 Kf4 61. f7 Bxf7 62. Kxf7 Ke5 63. Ke7 Kd5 64. Kd8 Kc5 65. Kc7 1-0

[Event "Niedersachsen-ch Seniors op 14th"]
[Site "Bad Bevensen"]
[Date "2011.07.13"]
[Round "9"]
[White "Mertens, Gottfried"]
[Black "Foltas, Hermann"]
[Result "1/2-1/2"]
[WhiteElo "1775"]
[BlackElo "1897"]
[PlyCount "51"]
[EventDate "2011.07.05"]
[EventType "swiss"]
[EventRounds "9"]
[EventCountry "GER"]
[SourceTitle "EXT 2012"]
[Source "ChessBase"]
[SourceDate "2011.11.24"]
[SourceVersion "1"]
[SourceVersionDate "2011.11.24"]
[SourceQuality "1"]

1. e3 d5 2. f4 Nf6 3. Nf3 g6 4. b3 Bg7 5. Bb2 0-0 6. Be2 c5 7. 0-0 Nc6 8. d3 Bd7 9. Ne5 Ne8 10. Nxc6 Bxc6 11. Bxg7 Kxg7 12. Nd2 Nd6 13. Bf3 Qc7 14. Qe1 Rae8 15. c4 dxc4 16. Bxc6 Qxc6 17. dxc4 e5 18. Nf3 exf4 19. Qc3+ f6 20. exf4 Ne4 21. Qb2 Kg8 22. Rad1 Rd8 23. Rfe1 Rfe8 24. Qc2 Nd6 25. Rxe8+ Rxe8 26. Qb2 1/2-1/2

[Event "Niedersachsen-ch Seniors op 14th"]
[Site "Bad Bevensen"]
[Date "2011.07.09"]
[Round "5"]
[White "Foltas, Hermann"]
[Black "Reinhold, Klaus"]
[Result "1/2-1/2"]
[WhiteElo "1897"]
[BlackElo "1916"]
[PlyCount "43"]
[EventDate "2011.07.05"]
[EventType "swiss"]
[EventRounds "9"]
[EventCountry "GER"]
[SourceTitle "EXT 2012"]
[Source "ChessBase"]
[SourceDate "2011.11.24"]
[SourceVersion "1"]
[SourceVersionDate "2011.11.24"]
[SourceQuality "1"]

1. Nf3 d5 2. d4 Nf6 3. c4 c6 4. e3 e6 5. Nc3 Nbd7 6. Bd3 Bd6 7. 0-0 0-0 8. e4 dxc4 9. Bxc4 e5 10. Bg5 Qe7 11. Bxf6 Nxf6 12. dxe5 Bxe5 13. Nxe5 Qxe5 14. Qe2 Be6 15. Bxe6 Qxe6 16. f3 Rad8 17. Rad1 Qe7 18. g3 Rxd1 19. Rxd1 Rd8 20. Kg2 h6 21. a3 Rxd1 22. Nxd1 1/2-1/2

[Event "Niedersachsen-ch Seniors op 13th"]
[Site "Bad Bevensen"]
[Date "2010.07.13"]
[Round "8"]
[White "Badenstedt, Hans Dieter"]
[Black "Foltas, Hermann"]
[Result "0-1"]
[WhiteElo "1780"]
[BlackElo "1875"]
[PlyCount "52"]
[EventDate "2010.07.06"]
[EventType "swiss"]
[EventRounds "9"]
[EventCountry "GER"]
[SourceTitle "EXT 2012"]
[Source "ChessBase"]
[SourceDate "2011.11.24"]
[SourceVersion "1"]
[SourceVersionDate "2011.11.24"]
[SourceQuality "1"]

1. e4 e5 2. Nf3 Nc6 3. c3 Nf6 4. d4 d5 5. dxe5 Nxe4 6. Bd3 Bg4 7. Be2 Bc5 8. Nd4 Bxe2 9. Qxe2 Nxd4 10. cxd4 Bxd4 11. 0-0 c6 12. Nd2 0-0 13. Nxe4 dxe4 14. Bf4 Qd5 15. Rad1 c5 16. b3 Rad8 17. Rfe1 Rfe8 18. Qxe4 Qxe4 19. Rxe4 Bxf2+ 20. Kxf2 Rxd1 21. Re2 h6 22. Rc2 Rd5 23. Kf3 b6 24. h4 Rd3+ 25. Ke4 Rd4+ 26. Kf5 g6+ 0-1

[Event "Bad Bevensen Seniors op 12th"]
[Site "Bad Bevensen"]
[Date "2009.07.15"]
[Round "9"]
[White "Foltas, Hermann"]
[Black "Diskin, Semen"]
[Result "1/2-1/2"]
[WhiteElo "1901"]
[BlackElo "1831"]
[PlyCount "23"]
[EventDate "2009.07.07"]
[EventType "swiss"]
[EventRounds "9"]
[EventCountry "GER"]
[SourceTitle "EXT 2022"]
[Source "ChessBase"]
[SourceDate "2021.10.06"]
[SourceVersion "1"]
[SourceVersionDate "2021.10.06"]
[SourceQuality "1"]

1. d4 g6 2. Nf3 b6 3. g3 Bb7 4. Bg2 Bg7 5. 0-0 Nf6 6. c3 d6 7. Qb3 e6 8. Re1 Nbd7 9. Nbd2 d5 10. e4 0-0 11. exd5 exd5 12. Nf1 1/2-1/2

[Event "Bad Bevensen Seniors op 12th"]
[Site "Bad Bevensen"]
[Date "2009.07.13"]
[Round "7"]
[White "Foltas, Hermann"]
[Black "Hadlich, Winfried"]
[Result "1-0"]
[WhiteElo "1901"]
[BlackElo "1800"]
[PlyCount "159"]
[EventDate "2009.07.07"]
[EventType "swiss"]
[EventRounds "9"]
[EventCountry "GER"]
[SourceTitle "EXT 2022"]
[Source "ChessBase"]
[SourceDate "2021.10.06"]
[SourceVersion "1"]
[SourceVersionDate "2021.10.06"]
[SourceQuality "1"]

1. d4 Nf6 2. Nf3 d5 3. c4 c6 4. Nc3 e6 5. e3 Nbd7 6. Bd3 a6 7. 0-0 Qc7 8. e4 dxe4 9. Nxe4 Nxe4 10. Bxe4 Nf6 11. Bd3 Be7 12. Qc2 c5 13. h3 cxd4 14. Nxd4 Bd7 15. Re1 h6 16. Qe2 0-0 17. Bd2 Bc5 18. Nf3 Bc6 19. Ne5 Rad8 20. Nxc6 Qxc6 21. Bc3 Bd4 22. Rac1 Qb6 23. Bb1 e5 24. Bxd4 exd4 25. b3 Rfe8 26. Qd3 Qd6 27. Rcd1 Re6 28. Rxe6 Qxe6 29. Kf1 Qd6 30. g3 Qc6 31. Kg1 Qe6 32. Kg2 g6 33. Rd2 Kg7 34. Re2 Qc6+ 35. Qf3 d3 36. Rd2 Qxf3+ 37. Kxf3 Re8 38. Bxd3 Re1 39. b4 Nd7 40. Kg2 Ne5 41. Bf1 Rc1 42. c5 Rb1 43. a3 Ra1 44. f4 Nc6 45. Rd3 g5 46. Be2 Ra2 47. Kf1 Ra1+ 48. Kf2 gxf4 49. gxf4 Ra2 50. Ke3 Kf6 51. Bf3 Ke7 52. Bxc6 bxc6 53. Ke4 Rc2 54. Kf5 a5 55. Rd6 axb4 56. axb4 Rc4 57. Rxc6 Rxb4 58. Rxh6 Rc4 59. Rc6 Kd7 60. Rd6+ Ke7 61. Rd5 Rc3 62. Ke4 Rc1 63. h4 Re1+ 64. Kf3 Rf1+ 65. Ke3 Rh1 66. Rh5 Rc1 67. Kd4 Rf1 68. f5 Rc1 69. Kd5 Rd1+ 70. Kc6 Rc1 71. Rh6 Rf1 72. f6+ Ke6 73. Kc7 Rf5 74. c6 Rc5 75. Rh8 Kxf6 76. Kb6 Rc1 77. c7 Rb1+ 78. Ka5 Ra1+ 79. Kb4 Rb1+ 80. Ka3 1-0

[Event "Niedersachsen-ch Seniors op 11th"]
[Site "Bad Bevensen"]
[Date "2008.07.13"]
[Round "6"]
[White "Foltas, Hermann"]
[Black "Liszka, Guenter"]
[Result "1-0"]
[WhiteElo "1900"]
[BlackElo "1781"]
[PlyCount "97"]
[EventDate "2008.07.08"]
[EventType "swiss"]
[EventRounds "9"]
[EventCountry "GER"]
[SourceTitle "EXT 2022"]
[Source "ChessBase"]
[SourceDate "2021.10.06"]
[SourceVersion "1"]
[SourceVersionDate "2021.10.06"]
[SourceQuality "1"]

1. d4 d5 2. c4 e6 3. Nc3 Nf6 4. Nf3 Nbd7 5. e3 c6 6. Bd3 Be7 7. e4 dxe4 8. Nxe4 Nxe4 9. Bxe4 Nf6 10. Bc2 Bb4+ 11. Bd2 Qa5 12. 0-0 Bxd2 13. Qxd2 Qxd2 14. Nxd2 0-0 15. Nf3 Rd8 16. Rad1 b6 17. Ne5 Bb7 18. f4 g6 19. g4 Kg7 20. h3 Rac8 21. Kh2 Rc7 22. Rd2 c5 23. Rfd1 cxd4 24. Rxd4 Rxd4 25. Rxd4 Nd5 26. Be4 Nxf4 27. Bxb7 Rxb7 28. Rxf4 f6 29. Nd3 e5 30. Rf2 Rd7 31. Nb4 Rd4 32. b3 Rd6 33. Nd5 b5 34. Kg2 bxc4 35. bxc4 Rc6 36. Rc2 Kf7 37. Kf3 Ke6 38. Ke3 f5 39. g5 Rc5 40. Rc3 Kf7 41. Kd3 h6 42. h4 hxg5 43. hxg5 Ke6 44. Ra3 a5 45. Rb3 f4 46. Rb6+ Kf5 47. Ne7+ Kxg5 48. Rxg6+ Kh5 49. Rc6 1-0

[Event "Niedersachsen-ch Seniors op 11th"]
[Site "Bad Bevensen"]
[Date "2008.07.08"]
[Round "1"]
[White "Bernhart, Ernst"]
[Black "Foltas, Hermann"]
[Result "0-1"]
[WhiteElo "1572"]
[BlackElo "1900"]
[PlyCount "64"]
[EventDate "2008.07.08"]
[EventType "swiss"]
[EventRounds "9"]
[EventCountry "GER"]
[SourceTitle "EXT 2022"]
[Source "ChessBase"]
[SourceDate "2021.10.06"]
[SourceVersion "1"]
[SourceVersionDate "2021.10.06"]
[SourceQuality "1"]

1. c4 c6 2. d4 d5 3. Nc3 Nf6 4. Bg5 dxc4 5. e4 b5 6. e5 Nd5 7. Nf3 h6 8. Bd2 Bf5 9. Be2 e6 10. 0-0 Be7 11. Nxd5 cxd5 12. Qe1 Nc6 13. Rc1 Qb6 14. Be3 Nb4 15. Qd2 Nxa2 16. Ra1 Nb4 17. Rfc1 Nc6 18. Qd1 0-0 19. h3 a5 20. g4 Be4 21. Ne1 Bg6 22. f4 f5 23. exf6 Bxf6 24. Nf3 Be4 25. Ne5 Bxe5 26. fxe5 Nxe5 27. Qd2 Nf3+ 28. Bxf3 Rxf3 29. Rf1 Rxh3 30. Qc3 Qd6 31. Rf4 Rh1+ 32. Kf2 Rxa1 0-1

[Event "Regionalliga SW 0708"]
[Site "Bayern"]
[Date "2008.04.06"]
[Round "8.8"]
[White "Roell, Horst"]
[Black "Foltas, Hermann"]
[Result "1/2-1/2"]
[WhiteElo "1780"]
[BlackElo "1911"]
[PlyCount "36"]
[EventDate "2007.10.21"]
[EventType "team-tourn"]
[EventRounds "9"]
[EventCountry "GER"]
[SourceTitle "EXT 2009"]
[Source "ChessBase"]
[SourceDate "2008.11.26"]
[SourceVersion "1"]
[SourceVersionDate "2008.11.26"]
[SourceQuality "1"]
[WhiteTeam "Tuerkheim"]
[BlackTeam "Muenchen Siemens"]
[WhiteTeamCountry "GER"]
[BlackTeamCountry "GER"]

1. d4 d5 2. Nf3 Nf6 3. c4 c6 4. e3 e6 5. Nc3 Bd6 6. Bd3 dxc4 7. Bxc4 b5 8. Bd3 Nbd7 9. 0-0 e5 10. Ne4 Nxe4 11. Bxe4 Qc7 12. dxe5 Nxe5 13. Nxe5 Bxe5 14. f4 Bf6 15. Qc2 Bb7 16. Bd2 Rc8 17. Bc3 Qe7 18. Bxf6 Qxf6 1/2-1/2

[Event "Niedersachsen-ch Seniors op 10th"]
[Site "Bad Bevensen"]
[Date "2007.07.10"]
[Round "8"]
[White "Schmidt, Manfred"]
[Black "Foltas, Hermann"]
[Result "1/2-1/2"]
[WhiteElo "1934"]
[BlackElo "1910"]
[PlyCount "79"]
[EventDate "2007.07.03"]
[EventType "swiss"]
[EventRounds "9"]
[EventCountry "GER"]
[SourceTitle "EXT 2022"]
[Source "ChessBase"]
[SourceDate "2021.10.06"]
[SourceVersion "1"]
[SourceVersionDate "2021.10.06"]
[SourceQuality "1"]

1. e4 c5 2. d4 cxd4 3. c3 d3 4. c4 Nc6 5. Bxd3 d6 6. Nc3 g6 7. Be3 Bg7 8. Rc1 Nf6 9. h3 0-0 10. Nf3 Nd7 11. 0-0 Nde5 12. Nxe5 Nxe5 13. Be2 b6 14. Qd2 Bb7 15. f4 Nc6 16. Rcd1 Kh8 17. Nd5 Rc8 18. g4 Na5 19. b3 e6 20. Nc3 Qe7 21. Bf3 Bc6 22. Rfe1 Rfd8 23. Bd4 f6 24. Kg2 Qf8 25. h4 Kg8 26. Rh1 f5 27. h5 Rc7 28. gxf5 gxf5 29. Rdg1 Bxd4 30. Qxd4 Qg7+ 31. Qxg7+ Rxg7+ 32. Kf2 fxe4 33. Bxe4 d5 34. Bf3 dxc4 35. Bxc6 Nxc6 36. bxc4 Rd2+ 37. Ke3 Rc2 38. Ne4 Rxg1 39. Rxg1+ Kf8 40. h6 1/2-1/2

[Event "Niedersachsen-ch Seniors op 09th"]
[Site "Bad Bevensen"]
[Date "2006.06.30"]
[Round "7"]
[White "Kasueschke, Gregor"]
[Black "Foltas, Hermann"]
[Result "1/2-1/2"]
[WhiteElo "1972"]
[BlackElo "1906"]
[PlyCount "96"]
[EventDate "2006.06.24"]
[EventType "swiss"]
[EventRounds "9"]
[EventCountry "GER"]
[SourceTitle "EXT 2022"]
[Source "ChessBase"]
[SourceDate "2021.10.06"]
[SourceVersion "1"]
[SourceVersionDate "2021.10.06"]
[SourceQuality "1"]

1. c4 c6 2. d4 d5 3. cxd5 cxd5 4. Nc3 Nf6 5. Bf4 Nc6 6. e3 e6 7. Nf3 a6 8. Bd3 Be7 9. 0-0 Nh5 10. Be5 Nxe5 11. Nxe5 Nf6 12. Rc1 Bd7 13. Na4 Bxa4 14. Qxa4+ Nd7 15. Nf3 0-0 16. Rc3 Rc8 17. Rfc1 Rxc3 18. Rxc3 Bd6 19. e4 Nb8 20. e5 Be7 21. Qc2 g6 22. Rc7 b6 23. a4 Bb4 24. h4 Re8 25. h5 Bc5 26. Rb7 Re7 27. Rxb8 Qxb8 28. dxc5 bxc5 29. Qxc5 Rb7 30. hxg6 hxg6 31. Bxa6 Rxb2 32. Bb5 Ra2 33. Qe7 Qb6 34. Qh4 Qc7 35. Qd4 Qc1+ 36. Kh2 Qc7 37. Kg3 Ra3 38. Qf4 Qe7 39. Kh2 Rb3 40. Qh6 Qc7 41. Qf4 Qe7 42. Qc1 d4 43. Qd1 Rb4 44. Ne1 Qh4+ 45. Kg1 Rb2 46. Nd3 Ra2 47. Qb1 Rd2 48. Qe1 Ra2 1/2-1/2

[Event "Niedersachsen-ch Seniors op 09th"]
[Site "Bad Bevensen"]
[Date "2006.06.28"]
[Round "5"]
[White "Schmidt, Joern"]
[Black "Foltas, Hermann"]
[Result "0-1"]
[WhiteElo "1596"]
[BlackElo "1906"]
[PlyCount "26"]
[EventDate "2006.06.24"]
[EventType "swiss"]
[EventRounds "9"]
[EventCountry "GER"]
[SourceTitle "EXT 2022"]
[Source "ChessBase"]
[SourceDate "2021.10.06"]
[SourceVersion "1"]
[SourceVersionDate "2021.10.06"]
[SourceQuality "1"]

1. d4 Nf6 2. c4 e6 3. a3 b6 4. Nc3 Bb7 5. Bg5 Be7 6. d5 exd5 7. Bxf6 Bxf6 8. cxd5 Bxc3+ 9. bxc3 Qf6 10. Rc1 0-0 11. e4 Re8 12. Qd4 Qxd4 13. cxd4 Rxe4+ 0-1

[Event "Wuerttemberg-ch Seniors 18th"]
[Site "Freudenstadt"]
[Date "2006.05.12"]
[Round "9"]
[White "Foltas, Hermann"]
[Black "Janzen, Christian"]
[Result "1/2-1/2"]
[WhiteElo "1857"]
[BlackElo "1674"]
[PlyCount "22"]
[EventDate "2006.05.04"]
[EventType "swiss"]
[EventRounds "9"]
[EventCountry "GER"]
[SourceTitle "EXT 2007"]
[Source "ChessBase"]
[SourceDate "2006.11.23"]
[SourceVersion "1"]
[SourceVersionDate "2006.11.23"]
[SourceQuality "1"]

1. d4 Nf6 2. Nf3 e6 3. c4 b6 4. g3 Bb7 5. Bg2 d6 6. 0-0 Nbd7 7. Nc3 Ne4 8. Qc2 Nxc3 9. Qxc3 Nf6 10. Re1 Be7 11. Nd2 Bxg2 1/2-1/2

[Event "Wuerttemberg-ch Seniors 18th"]
[Site "Freudenstadt"]
[Date "2006.05.11"]
[Round "8"]
[White "Hoffmann, Hans"]
[Black "Foltas, Hermann"]
[Result "1-0"]
[WhiteElo "1993"]
[BlackElo "1857"]
[PlyCount "139"]
[EventDate "2006.05.04"]
[EventType "swiss"]
[EventRounds "9"]
[EventCountry "GER"]
[SourceTitle "EXT 2007"]
[Source "ChessBase"]
[SourceDate "2006.11.23"]
[SourceVersion "1"]
[SourceVersionDate "2006.11.23"]
[SourceQuality "1"]

1. e4 e5 2. Nf3 Nc6 3. Bb5 g6 4. c3 d6 5. h3 Bg7 6. 0-0 Nge7 7. d4 0-0 8. Bg5 h6 9. Be3 a6 10. Bc4 Kh7 11. dxe5 dxe5 12. Qe2 b6 13. Rd1 Qe8 14. Nh2 f5 15. f3 Bb7 16. Nd2 Na7 17. Bf2 Nac8 18. Nhf1 Nd6 19. Bd3 Qc8 20. Nc4 Nxc4 21. Bxc4 fxe4 22. fxe4 Rf4 23. Bd5 c6 24. Bb3 c5 25. Bc2 Qc7 26. Bg3 Rff8 27. Ne3 Rad8 28. Bh4 Rd7 29. Rxd7 Qxd7 30. Rd1 Qc7 31. Bxe7 Qxe7 32. Nd5 Qd8 33. Bb3 b5 34. a4 c4 35. Bc2 Rf7 36. axb5 axb5 37. b3 Qc8 38. bxc4 bxc4 39. Qe3 Bf8 40. Qg3 Qc5+ 41. Kh1 Bg7 42. Rb1 Qf8 43. Rb6 Rf1+ 44. Kh2 Qf7 45. Ne3 Rf6 46. Rxf6 Bxf6 47. Qf2 Kg7 48. h4 Bc8 49. Ba4 Be6 50. Bc6 Qe7 51. g3 Qd6 52. Bd5 Bxd5 53. Nxd5 Bd8 54. Qa7+ Kg8 55. Qa4 Qf8 56. Kg2 g5 57. h5 g4 58. Qd1 Qg7 59. Ne3 Be7 60. Nxg4 Qg5 61. Qd5+ Kh7 62. Qxe5 Qxe5 63. Nxe5 Bf6 64. Nxc4 Bxc3 65. Kf3 Kg7 66. e5 Kf7 67. Ke4 Ke6 68. g4 Ba1 69. Ne3 Bxe5 70. Nf5 1-0

[Event "Wuerttemberg-ch Seniors 18th"]
[Site "Freudenstadt"]
[Date "2006.05.10"]
[Round "7"]
[White "Foltas, Hermann"]
[Black "Zschorsch, Peter"]
[Result "1/2-1/2"]
[WhiteElo "1857"]
[BlackElo "1871"]
[PlyCount "119"]
[EventDate "2006.05.04"]
[EventType "swiss"]
[EventRounds "9"]
[EventCountry "GER"]
[SourceTitle "EXT 2007"]
[Source "ChessBase"]
[SourceDate "2006.11.23"]
[SourceVersion "1"]
[SourceVersionDate "2006.11.23"]
[SourceQuality "1"]

1. Nf3 c5 2. c4 Nf6 3. Nc3 g6 4. g3 Bg7 5. Bg2 0-0 6. 0-0 d6 7. Rb1 Nc6 8. a3 Bf5 9. d3 Qc8 10. b4 cxb4 11. axb4 Bh3 12. b5 Bxg2 13. Kxg2 Na5 14. Bd2 b6 15. e4 Nb7 16. Qe2 e6 17. Rfc1 Qd7 18. h3 Rfd8 19. Rc2 e5 20. Na2 Nc5 21. Nb4 Nh5 22. g4 Nf4+ 23. Bxf4 exf4 24. Nd5 Ne6 25. Qd2 g5 26. Rg1 h6 27. Kh2 Rdc8 28. Ra2 Kf8 29. Qd1 Nc7 30. Nxc7 Qxc7 31. Re1 Qc5 32. Qe2 Re8 33. Ra4 Re7 34. Nd2 Bc3 35. Rd1 Bg7 36. Nb3 Qe5 37. f3 Qc3 38. Nc1 Rc7 39. Qd2 Qf6 40. Na2 Qe6 41. Nb4 h5 42. Nd5 Rb7 43. Kg2 Bd4 44. Rh1 Kg7 45. Qa2 h4 46. Re1 Qc8 47. Qa3 Qc5 48. Qxc5 dxc5 49. Re2 Rd8 50. Kf1 Rdd7 51. Rea2 f6 52. Ke2 Kf7 53. Kd1 Be5 54. Re2 Ke6 55. Kc2 Rh7 56. Rd2 Rhd7 57. Rd1 Bd4 58. Ra2 Ke5 59. Kb3 Ke6 60. Ra4 1/2-1/2

[Event "Wuerttemberg-ch Seniors 18th"]
[Site "Freudenstadt"]
[Date "2006.05.09"]
[Round "6"]
[White "Stadt, Hans"]
[Black "Foltas, Hermann"]
[Result "0-1"]
[WhiteElo "1937"]
[BlackElo "1857"]
[PlyCount "74"]
[EventDate "2006.05.04"]
[EventType "swiss"]
[EventRounds "9"]
[EventCountry "GER"]
[SourceTitle "EXT 2007"]
[Source "ChessBase"]
[SourceDate "2006.11.23"]
[SourceVersion "1"]
[SourceVersionDate "2006.11.23"]
[SourceQuality "1"]

1. d4 d5 2. c4 c6 3. cxd5 cxd5 4. Nf3 Nf6 5. Nc3 Nc6 6. e3 e6 7. Bd3 Be7 8. 0-0 0-0 9. a3 a5 10. Bd2 b6 11. Rc1 Bd7 12. e4 dxe4 13. Nxe4 Nxe4 14. Bxe4 Rc8 15. Be3 Bf6 16. Rc4 Ne7 17. Qb3 Rxc4 18. Qxc4 Qb8 19. Ne5 Bxe5 20. dxe5 Qxe5 21. Bxh7+ Kxh7 22. Qd3+ Nf5 23. g4 Bb5 24. Qc2 Bxf1 25. Kxf1 Kg8 26. gxf5 exf5 27. Kg1 Qe6 28. Qc7 Rc8 29. Qb7 Qc6 30. Qe7 f4 31. Bd2 f3 32. Bc3 Qg6+ 33. Kf1 Qg2+ 34. Ke1 Qg1+ 35. Kd2 Qxf2+ 36. Kc1 Qf1+ 37. Kc2 Qe2+ 0-1

[Event "Wuerttemberg-ch Seniors 18th"]
[Site "Freudenstadt"]
[Date "2006.05.05"]
[Round "2"]
[White "Schneider, Ludwig1111"]
[Black "Foltas, Hermann"]
[Result "0-1"]
[WhiteElo "1623"]
[BlackElo "1857"]
[PlyCount "84"]
[EventDate "2006.05.04"]
[EventType "swiss"]
[EventRounds "9"]
[EventCountry "GER"]
[SourceTitle "EXT 2007"]
[Source "ChessBase"]
[SourceDate "2006.11.23"]
[SourceVersion "1"]
[SourceVersionDate "2006.11.23"]
[SourceQuality "1"]

1. e4 e5 2. Nc3 Nf6 3. Bc4 Nc6 4. Nf3 Be7 5. d3 d6 6. a3 Bg4 7. Be3 a6 8. Ne2 d5 9. exd5 Nxd5 10. h3 Nxe3 11. fxe3 Bxf3 12. gxf3 Bh4+ 13. Kd2 Qd7 14. Qg1 g6 15. Qg4 Qxg4 16. hxg4 Bf6 17. Nc3 Rc8 18. Ne4 Be7 19. g5 Kf8 20. c3 Kg7 21. Rh3 Nd8 22. d4 exd4 23. cxd4 b5 24. Ba2 Nb7 25. Rah1 Nd6 26. Nxd6 cxd6 27. f4 f6 28. gxf6+ Bxf6 29. Be6 Rc7 30. Kd3 h6 31. e4 Be7 32. e5 dxe5 33. fxe5 Bg5 34. Rf3 Rd8 35. Rhf1 h5 36. Rf7+ Rxf7 37. Rxf7+ Kh6 38. b3 Bc1 39. Rc7 Bxa3 40. d5 h4 41. d6 Bxd6 42. Ke4 Bxc7 0-1

[Event "GER-ch Seniors-A 17th"]
[Site "Essen"]
[Date "2005.08.28"]
[Round "9"]
[White "Foltas, Hermann"]
[Black "Bachmann, Rolf"]
[Result "1/2-1/2"]
[WhiteElo "2068"]
[BlackElo "1898"]
[PlyCount "65"]
[EventDate "2005.08.20"]
[EventType "swiss"]
[EventRounds "9"]
[EventCountry "GER"]
[SourceTitle "CBM 108 Extra"]
[Source "ChessBase"]
[SourceDate "2005.11.04"]
[SourceVersion "1"]
[SourceVersionDate "2005.11.04"]
[SourceQuality "1"]

1. d4 Nf6 2. c4 e6 3. Nc3 Bb4 4. Qc2 0-0 5. a3 Bxc3+ 6. Qxc3 d6 7. Nf3 b6 8. g3 Bb7 9. Bg2 Nbd7 10. 0-0 Qe7 11. Bg5 h6 12. Bxf6 Qxf6 13. Rac1 Rad8 14. Rfe1 c5 15. dxc5 dxc5 16. Qxf6 Nxf6 17. Red1 Bxf3 18. Bxf3 Nd7 19. e3 Ne5 20. Be2 Nc6 21. f4 Rxd1+ 22. Rxd1 Rd8 23. Kf2 Kf8 24. Rxd8+ Nxd8 25. Bf3 Ke7 26. Ke2 f6 27. Kd2 Kd6 28. Kc3 Nf7 29. Bh5 Nd8 30. Bf3 Ke7 31. b4 cxb4+ 32. Kxb4 Kd6 33. Kb5 1/2-1/2